| 000 | 01253nam0a2200325 4500 | ||
|---|---|---|---|
| 001 | RU\NLR\BIBL_A\011941039 | ||
| 005 | 20191023151431.0 | ||
| 010 |
_a978-5-04-095574-9 _94000 |
||
| 021 |
_aRU _bКН-П-19-003172 _9КН-П-19-0227 |
||
| 035 | _a(NLR Aleph) 011941039 | ||
| 035 | _a(RuMoRGB)009871139 | ||
| 090 |
_a11091995 _c11091995 |
||
| 100 | _a20190219d2019 u y0rusy50 ca | ||
| 101 | 1 |
_arus _ceng |
|
| 102 | _aRU | ||
| 105 | _ao z 000z | ||
| 200 | 1 |
_aПростите, если назову вас м*даком _eкак научиться играть по мужским правилам и побеждать в любви _fМирко Спелта _g[пер. с англ. А. Н. Гардта] |
|
| 210 |
_aМосква _cЭксмо _cБомбора _d2019 |
||
| 215 |
_a267, [1] с. _d19 |
||
| 225 | 1 |
_aGirl Power _eкниги для дерзких девушек |
|
| 333 | _a16+ | ||
| 606 | 1 |
_aСексуальные отношения _jПопулярные издания _92144788 _3RU\NLR\AUTH\661292279 |
|
| 686 | 1 | _aС550.53я9 | |
| 686 | 1 | _aЮ937.3я9 | |
| 700 | 1 |
_aСпелта _bМ. _gМирко |
|
| 942 | _cBOOK | ||
| 980 | _aNBR | ||
| 980 | _aNB | ||